| 000 | 00480nam a22001937a 4500 | ||
|---|---|---|---|
| 005 | 20260515115056.0 | ||
| 008 | 250304b |||||||| |||| 00| 0 eng d | ||
| 020 | _a9789358493344 | ||
| 040 |
_aIN-DiNC _cIN-DiNC |
||
| 041 | _dasm | ||
| 082 |
_a181.45 _bBOR |
||
| 100 |
_aBorah, Rashmi Sikha _eauthor |
||
| 245 |
_aYoga (VAC4)/ _cby Rashmi Rekha Borah |
||
| 250 | _a1st ed. | ||
| 260 |
_aDibrugarh: _bBanalata, _c2025. |
||
| 300 | _a104p. | ||
| 650 | _aYoga | ||
| 942 |
_2ddc _cBK |
||
| 999 |
_c12103 _d12103 |
||